000 00661nam a2200217 a 4500
999 _c5886
_d5886
001 5886
003 BD-JhCC
005 20221124134023.0
008 171230s19902016bg |||| || | 000 0 ben d
035 _a(BD-JhCC)5886
040 _aBD-JhCC
_dBD-JhCC
041 _aben
082 _a891.443
_bAHM 2016
100 _aআহমেদ, হুমায়ূন
245 _aবহুব্রীহি /
_cহুমায়ূন আহমেদ,
260 _aঢাকা :
_bআফসার ব্রাদার্স প্রকাশনী,
_c2016.
300 _a191 p. :
_c22 cm.
650 _aBengali Novel
942 _2ddc
_cBK
_024